| 000 | 00373nam a2200121Ia 4500 | ||
|---|---|---|---|
| 008 | 220901s9999||||xx |||||||||||||| ||und|| | ||
| 082 | _a670 RAO | ||
| 100 | _aRao, Venkat, R | ||
| 245 | 0 | _aInternational Journal of advanced manufacturing systems | |
| 250 | _aVol. 10 (1 & 2) & 11 (2) | ||
| 260 |
_bInternational Science Press _c2019 & 2020 |
||
| 650 | _aProduction Technology | ||
| 999 |
_c194133 _d194133 |
||